000
00191 a2200097 4500
020
_a
9780316211222
041
_a
eng
100
_a
James Patterson
245
_a
Second Honeymoon
942
_c
BK
999
_c
30570
_d
30568